000 00418nam a2200133Ia 4500
008 211119s9999||||xx |||||||||||||| ||und||
082 _a791.43
_bRAN-H
100 _aRanjini, Beena
245 0 _aHittukalude Katha
260 _bMathrubhoomi
_aKozhikodu
_c2014
300 _a263p
650 _aThe arts; fine & decorative arts
_vRecreational & performing arts Public performancesMalayalam
_xGeneral Stack
942 _cBOOK
999 _c119955
_d119955